Vetranie a teplovzdušné vykurovanie skladových priestorov logistického centra

Saved in:
Bibliographic Details
Main Author: Kubičková, Eliška (Author)
Other Authors: Straková, Zuzana (Thesis advisor)
Format: Manuscript Book
Language:Slovak
Published: 2024
Subjects:
Online Access:http://is.stuba.sk/zp/portal_zp.pl?podrobnosti=179147
https://opac.crzp.sk/?fn=detailBiblioForm&sid=9A7D98113A4E7D6F02A777A0EB46
Tags: Add Tag
No Tags, Be the first to tag this record!

MARC

LEADER 00000ntm a22000003a 4500
001 stuzp98784
003 SK-STU
005 20240924135928.4
007 ta
008 150427s2015----xo-----f-mn---000-0-slo-d
040 |a STU  |b slo 
041 0 |a slo 
100 1 |a Kubičková, Eliška  |u 010290  |4 aut  |U SvF Stavebná fakulta  |T SvF Katedra technických zariadení budov  |X 92826  |U V290  |Y 31  |7 92826 
242 0 1 |a Ventilation and warm-air heating of Logistics center stores  |y eng 
245 1 0 |a Vetranie a teplovzdušné vykurovanie skladových priestorov logistického centra 
260 |c 2024 
650 4 |a teplovzdušné vykurovanie  |2 slo 
650 4 |a skladová hala  |2 slo 
650 4 |a vetranie  |2 slo 
650 4 |a rekuperácia  |2 slo 
650 4 |a hot-air heating  |2 eng 
650 4 |a warehouse hall  |2 eng 
650 4 |a ventilation  |2 eng 
650 4 |a recuperation  |2 eng 
700 1 |a Straková, Zuzana  |u 010290  |k Z1  |4 ths  |U SvF Stavebná fakulta  |T SvF Katedra technických zariadení budov  |X 1647  |U V290  |Y 31  |7 1647 
856 4 |u http://is.stuba.sk/zp/portal_zp.pl?podrobnosti=179147 
856 4 |u https://opac.crzp.sk/?fn=detailBiblioForm&sid=9A7D98113A4E7D6F02A777A0EB46